[Event "SK Liburnija GM"]
[Site "Rijeka CRO"]
[Date "2006.11.14"]
[Round "1"]
[White "Bosiocic,Mari"]
[Black "Jovanic,O"]
[Result "1/2-1/2"]
[WhiteElo "2448"]
[BlackElo "2458"]

1.e4 c5 2.Nf3 e6 3.d4 cxd4 4.Nxd4 Nc6 5.Nc3 Qc7 6.Be3 Nf6 7.f3 Bb4 8.Qd2 Nxd4
9.Qxd4 Bxc3+ 10.Qxc3 Qxc3+ 11.bxc3 d6 12.c4 b6 13.a4 Nd7 14.a5 Bb7 15.Be2 Kd8
16.axb6 axb6 17.Rxa8+ Bxa8 18.Kd2 Kc7 19.Ra1 Bb7 20.Bd3 e5 21.h4 Nc5 22.Bxc5 bxc5
23.Ke3 Ra8 24.Rxa8 Bxa8 25.g3 Bc6 26.Kd2 Bd7 27.Bf1 Be6 28.Bd3 Kb6 29.Kc3 h6
30.Bf1 Bc8 31.g4 Be6 32.Bd3 Bd7 33.Be2 Ka5 34.Kb3 Kb6 35.Kc3 Kc7 36.Bd3 Kd8
37.Kd2 Ke7 38.Ke3 Kf6 39.Kf2 Be8 40.Be2 Kg6 41.Kg3 f6 42.Bd3 Kf7 43.h5 Ke7
44.Kf2 Kd8 45.Ke3 Kc7 46.Kd2 Kb6 47.Kc3 Ka5 48.Kb3 g6 49.hxg6 Bxg6 50.Be2 h5
51.gxh5 Bxh5 52.Ka3 Kb6 53.Kb3 Kc7 54.Kc3 Kd7 55.Kd2 Be8 56.Bf1 Ke7 57.Ke3 Kf7
58.Kf2 Kg6 59.Kg3 Kg5 60.Be2 Bd7 61.Bf1 Bc6 62.Be2 f5 63.exf5 Kxf5 64.Bd3+ e4
65.fxe4+ Ke5 66.c3 Bxe4 67.Bf1 Bb7 68.Bd3 Ba6 69.Kf3 d5 70.Ke3 Bxc4 71.Bxc4 dxc4
72.Kf3 Kd5 73.Kf4 Kd6 74.Kf5 Kd5 75.Kf4  1/2-1/2

[Event "Festival Prefeitura"]
[Site "Sao Paulo BRA"]
[Date "2006.11.14"]
[Round "5"]
[White "Fier,A"]
[Black "Leitao,R"]
[Result "1/2-1/2"]
[WhiteElo "2490"]
[BlackElo "2601"]

1.e4 c5 2.Nf3 Nc6 3.d4 cxd4 4.Nxd4 e6 5.Nc3 a6 6.Nxc6 bxc6 7.e5 Qc7 8.Bf4 f5
9.Bd3 Ne7 10.Qe2 Ng6 11.Bg3 Rb8 12.O-O Rxb2 13.Rab1 Rxb1 14.Rxb1 Be7 15.h4 Bxh4
16.Bxh4 Nxh4 17.Bxa6 O-O 18.Bxc8 Rxc8 19.f4 Ng6 20.Qe3 Ne7 21.Qc5 Nd5 22.Ne2 Rb8
23.Rxb8+ Qxb8 24.a4  1/2-1/2

[Event "Festival Prefeitura"]
[Site "Sao Paulo BRA"]
[Date "2006.11.14"]
[Round "5"]
[White "Bachmann,Ax"]
[Black "El Debs,F"]
[Result "1/2-1/2"]
[WhiteElo "2473"]
[BlackElo "2325"]

1.e4 c5 2.Nf3 e6 3.Nc3 Nc6 4.d4 cxd4 5.Nxd4 Qc7 6.Nb3 a6 7.Bd3 Nf6 8.O-O Be7
9.a4 d5 10.Be3 O-O 11.a5 dxe4 12.Nxe4 Nd5 13.Bc5 Ne5 14.Bxe7 Qxe7 15.Nec5 Nf4
16.Re1 Nexd3 17.cxd3 Rd8 18.Qf3 Nd5 19.Rac1 Rb8 20.d4 b6 21.axb6 Rxb6 22.Na5 Qf6
23.Qxf6 Nxf6 24.b3 Bd7 25.Nc4 Rbb8 26.Nxa6  1/2-1/2

[Event "Festival Prefeitura"]
[Site "Sao Paulo BRA"]
[Date "2006.11.15"]
[Round "7"]
[White "Lima,Da"]
[Black "El Debs,F"]
[Result "1/2-1/2"]
[WhiteElo "2466"]
[BlackElo "2325"]

1.e4 c5 2.Nf3 e6 3.d4 cxd4 4.Nxd4 Nc6 5.Nc3 Qc7 6.Be3 Nf6 7.Bd3 a6 8.O-O b5
9.Nxc6 Qxc6 10.f3 Bc5 11.Qe1 d6 12.Kh1 Bxe3 13.Qxe3 O-O 14.e5  1/2-1/2

[Event "Festival Prefeitura"]
[Site "Sao Paulo BRA"]
[Date "2006.11.15"]
[Round "7"]
[White "Fier,A"]
[Black "Sunye Neto,J"]
[Result "1-0"]
[WhiteElo "2490"]
[BlackElo "2503"]

1.e4 c5 2.Nf3 e6 3.d4 cxd4 4.Nxd4 Nc6 5.Nc3 Qc7 6.Be3 Nf6 7.f4 d6 8.Qf3 a6
9.O-O-O Be7 10.Rg1 O-O 11.g4 Re8 12.g5 Nd7 13.h4 b5 14.g6 hxg6 15.h5 g5 16.Bh3 b4
17.Nxe6 fxe6 18.Bxe6+ Kh8 19.Nd5 Qd8 20.h6 g6 21.e5 Ndxe5 22.fxe5 Bxe6 23.Nxe7 Qxe7
24.Qxc6 Rac8 25.exd6 Rxc6 26.dxe7 Rxe7 27.Rd8+ Kh7 28.Bd4 Rc8 29.Rxc8 Bxc8
30.Bf6 Rc7 31.Bxg5 Bf5 32.Rg2 a5 33.b3 Ra7 34.Re2 Rd7 35.Kb2 Rc7 36.Rd2 Ra7
37.a4 bxa3+ 38.Kxa3 Rc7 39.c4 Rb7 40.Rd5 Bc2 41.Rb5 Ra7 42.Ka4 Bd1 43.c5 Bf3
44.Rxa5 Rb7 45.Ra6 Rc7 46.Kb4 Bd5 47.Kb5 Bxb3 48.Kb6 Rf7 49.Ra7  1-0

[Event "Bundesliga 2006-7"]
[Site "Koelln GER"]
[Date "2006.11.17"]
[Round "7"]
[White "Mainka,R"]
[Black "Kobalia,M"]
[Result "0-1"]
[WhiteElo "2485"]
[BlackElo "2643"]

1.e4 c5 2.Nf3 e6 3.d4 cxd4 4.Nxd4 Nc6 5.Nc3 a6 6.Be2 d6 7.O-O Bd7 8.Be3 Nf6
9.f4 Be7 10.a4 Nxd4 11.Bxd4 Bc6 12.Qd3 O-O 13.a5 Nd7 14.Kh1 e5 15.Bg1 exf4
16.Rxf4 Bf6 17.Rf5 Bxc3 18.Qxc3 Bxe4 19.Rf4 Re8 20.Bf3 Nf6 21.Qb3 d5 22.Bxe4 dxe4
23.Raf1 Re6 24.c3 e3 25.Ra1 Qc7 26.Rc4 Qe7 27.Rb4 Rb8 28.Rb6 Rxb6 29.Qxb6 Re8
30.Re1 Ng4 31.h3 e2 32.Qc5 Nf6 33.Qxe7 Rxe7 34.Bh2 Ne4 35.Kg1 Rd7  0-1

[Event "Open"]
[Site "Liberec CZE"]
[Date "2006.11.17"]
[Round "8"]
[White "Maly,M"]
[Black "Jina,L"]
[Result "1/2-1/2"]
[WhiteElo "2164"]
[BlackElo "1986"]

1.e4 c5 2.Nf3 Nc6 3.d4 cxd4 4.Nxd4 e6 5.Nc3 d6 6.Be2 Nf6 7.O-O Be7 8.Be3 O-O
9.f4 Qc7 10.Kh1 Bd7 11.Bf3 Nxd4 12.Bxd4 e5 13.Be3 Rad8 14.g4 Bc6 15.g5 Ne8
16.Nd5 Bxd5 17.Qxd5 Kh8 18.Bg2 b6 19.c3 f6 20.Rad1 Qc8 21.h3 Nc7 22.Qc6 Ne6
23.Qxc8 Rxc8 24.gxf6 gxf6 25.f5 Nd8  1/2-1/2

[Event "Festival Prefeitura"]
[Site "Sao Paulo BRA"]
[Date "2006.11.17"]
[Round "9"]
[White "Diamant,A"]
[Black "Leitao,R"]
[Result "0-1"]
[WhiteElo "2396"]
[BlackElo "2601"]

1.e4 c5 2.Nf3 Nc6 3.d4 cxd4 4.Nxd4 e6 5.Nc3 a6 6.Nxc6 bxc6 7.Bd3 d5 8.O-O Qc7
9.Re1 Bb7 10.Qf3 Bd6 11.h4 Ne7 12.h5 O-O 13.h6 f5 14.hxg7 Rf7 15.exf5 Nxf5
16.Rxe6 Bh2+ 17.Kh1 Ng3+ 18.fxg3 Rxf3 19.gxf3 Qxg3 20.Ne2 Qxf3+ 21.Kxh2 Qf2+
22.Kh3 Bc8 23.Nf4 Ra7 24.Kg4 Rxg7+ 25.Kf5 Rf7+  0-1

[Event "Nacional de Mestres"]
[Site "Barreiro POR"]
[Date "2006.11.18"]
[Round "5"]
[White "Damaso,R"]
[Black "Vitor,A"]
[Result "1-0"]
[WhiteElo "2449"]
[BlackElo "2414"]

1.e4 c5 2.Nf3 e6 3.d4 cxd4 4.Nxd4 Nc6 5.Nc3 a6 6.Nxc6 bxc6 7.Bd3 d5 8.O-O Nf6
9.b3 Bd6 10.Qe1 Be7 11.Bb2 O-O 12.Rd1 Qc7 13.Na4 Re8 14.f4 dxe4 15.Bxe4 Nxe4
16.Qxe4 Rb8 17.Be5 Qa7+ 18.Kh1 c5 19.Bxb8 Qxb8 20.Qe5 Qb4 21.c4 Qa5 22.h3 h6
23.Rd3 Bf8 24.f5 f6 25.Qe2 Qc7 26.Nc3 Qf7 27.Re3 e5 28.Rd3 e4 29.Nxe4 Re5
30.Rd5 Rxd5 31.cxd5 Qxd5 32.Qc4 Bb7 33.Nc3 Qxc4 34.bxc4 Bd6 35.Rb1 Bc8 36.Rd1 Be7
37.Nd5 Kf7 38.Nxe7 Kxe7 39.Rd5  1-0

[Event "Bundesliga 2006-7"]
[Site "Hamburg GER"]
[Date "2006.11.18"]
[Round "3"]
[White "Reeh,O"]
[Black "Firman,N"]
[Result "0-1"]
[WhiteElo "2445"]
[BlackElo "2495"]

1.e4 c5 2.Nf3 e6 3.d4 cxd4 4.Nxd4 Nc6 5.Nc3 a6 6.Nxc6 bxc6 7.Bd3 d5 8.O-O Nf6
9.Qe2 Be7 10.b3 Qc7 11.Na4 Bb7 12.c4 dxc4 13.Bxc4 Qe5 14.Bb2 Qxe4 15.Qxe4 Nxe4
16.Bxg7 Rg8 17.Bh6 c5 18.f3 Ng5 19.Kh1 Rd8 20.Bxg5 Rxg5 21.Rad1 Rd4 22.Rxd4 cxd4
23.Bd3 Ra5 24.Rf2 h5 25.Nb6 h4 26.Nc4 Rc5 27.Kg1 a5 28.h3 Bd5 29.Rc2 Bb7
30.Kf2 Kd8 31.Nb2 Rg5 32.Be4 Bxe4 33.fxe4 Rg3 34.Rd2 e5 35.Rd3 Ba3  0-1

[Event "Bundesliga 2006-7"]
[Site "Koelln GER"]
[Date "2006.11.18"]
[Round "3"]
[White "Vallejo Pons,F"]
[Black "Kobalia,M"]
[Result "0-1"]
[WhiteElo "2674"]
[BlackElo "2643"]

1.e4 c5 2.Nc3 e6 3.Nge2 Nc6 4.d4 cxd4 5.Nxd4 a6 6.f3 Nxd4 7.Qxd4 Ne7 8.Be3 b5
9.Qe5 Nc6 10.Qg3 Qa5 11.O-O-O b4 12.Nd5 exd5 13.exd5 Qxa2 14.dxc6 Qa1+ 15.Kd2 Qxb2
16.Ke1 Qc3+ 17.Rd2 Qxc6 18.Bd3 d5 19.Re2 Be6 20.f4 d4 21.Bxd4 O-O-O 22.Qf2 Bc4
23.Kd2 Qd5 24.Bb6 Bxd3 25.Re5 Qc4 26.Re7 Qc3+  0-1

[Event "Bundesliga 2006-7"]
[Site "Koelln GER"]
[Date "2006.11.18"]
[Round "3"]
[White "Kritz,L"]
[Black "Schlosser,P"]
[Result "1/2-1/2"]
[WhiteElo "2597"]
[BlackElo "2554"]

1.e4 c5 2.Nf3 e6 3.d4 cxd4 4.Nxd4 Nc6 5.Nc3 Qc7 6.Be3 a6 7.Qd2 Nf6 8.f3 Ne5
9.O-O-O Bb4 10.Nb3 b5 11.Kb1 Nc4 12.Bxc4 bxc4 13.Nc1 Rb8 14.N1e2 O-O 15.Bf4 e5
16.Bg5 Ne8 17.Ka1 d6 18.a3 a5 19.axb4 axb4 20.Na2 Be6 21.Nxb4 Ra8+ 22.Kb1 Qa5
23.c3 Qa1+ 24.Kc2 Qa4+ 25.Kc1 Qa1+  1/2-1/2

[Event "RGSU Masters"]
[Site "Moscow RUS"]
[Date "2006.11.18"]
[Round "13"]
[White "Girya,O"]
[Black "Cherenkova,K"]
[Result "1-0"]
[WhiteElo "2240"]
[BlackElo "2238"]

1.e4 c5 2.Nc3 e6 3.Nf3 Nc6 4.d4 cxd4 5.Nxd4 a6 6.Nxc6 bxc6 7.Bd3 d5 8.O-O Nf6
9.Re1 Be7 10.e5 Nd7 11.Qg4 g6 12.Bh6 Rb8 13.Qh3 Rb4 14.f4 Rg8 15.Nd1 Nc5
16.c3 Nxd3 17.Qxd3 Rb8 18.Kh1 a5 19.b3 Bb7 20.Nf2 Bh4 21.Ng4 Be7 22.Bg5 h5
23.Bxe7 Kxe7 24.Nf6 Rh8 25.Qd4 Kf8 26.Qc5+ Kg7 27.a4 Ba8 28.Rab1 h4 29.h3 Qb6
30.Qxb6 Rxb6 31.Nd7 Rb7 32.Nc5 Rbb8 33.Rbd1 Rhd8 34.Rd4 Bb7 35.Kg1 Bc8 36.Kf2 Rh8
37.Ke3 Rh5 38.Kf3 Rf5 39.Kg4 Rh5 40.Rb1 Ra8 41.b4 axb4 42.cxb4 f6 43.Re1 Kf7
44.Kf3 Rf5 45.g4 hxg3 46.Kxg3 g5 47.exf6 Kxf6 48.fxg5+ Rxg5+ 49.Rg4 Rxg4+
50.hxg4 Ra7 51.Kf4 e5+ 52.Rxe5 Bxg4 53.Re8 Bd1 54.a5 Kf7 55.Rc8 Be2 56.Rxc6 d4
57.Rd6 d3 58.Nxd3 Rb7 59.Ne5+ Ke7 60.Rd4 Ke6 61.Nc6 Kf6 62.Rd6+  1-0

[Event "SK Liburnija GM"]
[Site "Rijeka CRO"]
[Date "2006.11.18"]
[Round "5"]
[White "Bosiocic,Mari"]
[Black "Markus,Rob"]
[Result "1/2-1/2"]
[WhiteElo "2448"]
[BlackElo "2567"]

1.e4 c5 2.Nf3 e6 3.d4 cxd4 4.Nxd4 Nc6 5.Nc3 Qc7 6.Be3 a6 7.Qd2 Nf6 8.O-O-O Be7
9.f3 O-O 10.g4 b5 11.g5 Ne8 12.h4 Bb7 13.Kb1 Nxd4 14.Qxd4 Rd8 15.a3 f5 16.Qb6 Qc6
17.Bd3 Nd6 18.Qd4 fxe4 19.fxe4 Nf7 20.Rhg1 Qd6 21.Qa7 Qb8 22.Qxb8 Rxb8 23.Bf4 d6
24.Be2 Rbd8 25.Bg4 Bc8 26.Rgf1 Ne5 27.Bh3 Rf7 28.Bxe5 Rxf1 29.Bxf1 dxe5 30.Rxd8+ Bxd8
31.b4 Bb6 32.a4 Bd4 33.Ne2 Bd7 34.Nxd4 exd4 35.e5 Kf7 36.Bd3 h6 37.gxh6 gxh6
38.a5 Bc6 39.c3 dxc3 40.Kc2 Ke7 41.Kxc3 Kd7 42.Kd4 Kc7 43.Kc5 Be8 44.Be4 Bh5
45.Bc6 Be2 46.Ba8 Bh5 47.Bc6 Bf7 48.Bxb5 axb5 49.Kxb5 Bh5 50.Kc5 Be2 51.b5 Kb7
52.Kb4 Bf1 53.Kc5 Be2 54.Kb4  1/2-1/2

[Event "Festival Prefeitura"]
[Site "Sao Paulo BRA"]
[Date "2006.11.18"]
[Round "10"]
[White "Felgaer,R"]
[Black "El Debs,F"]
[Result "1/2-1/2"]
[WhiteElo "2591"]
[BlackElo "2325"]

1.e4 c5 2.Nc3 e6 3.Nf3 Nc6 4.d4 cxd4 5.Nxd4 Qc7 6.Be3 Nf6 7.Bd3 a6 8.O-O b5
9.Qe2 Bb7 10.Kh1 h5 11.f4 Ng4 12.Bg1 Nxd4 13.Bxd4 Bc5 14.Bxc5 Qxc5 15.e5 Qe3
16.Qxe3 Nxe3 17.Rf2 f5 18.Re2 Nd5 19.Nxd5 Bxd5 20.h4 Ke7 21.a4 Bc6 22.c3 Rhb8
23.axb5 axb5 24.Rxa8 Rxa8 25.b4 Ra1+ 26.Kh2 Rc1 27.Rc2 Re1 28.Rd2  1/2-1/2

[Event "Bundesliga 2006-7"]
[Site "Wattenscheid GER"]
[Date "2006.11.18"]
[Round "3"]
[White "Czarnota,P"]
[Black "Ribli,Z"]
[Result "1-0"]
[WhiteElo "2554"]
[BlackElo "2584"]

1.e4 c5 2.Nf3 e6 3.d4 cxd4 4.Nxd4 Nc6 5.Nc3 Qc7 6.Be2 a6 7.O-O Nf6 8.Be3 Be7
9.f4 d6 10.a4 O-O 11.Kh1 Re8 12.Bd3 Nb4 13.a5 Bd7 14.Qe1 Rac8 15.Qg3 Nxd3
16.cxd3 Bc6 17.f5 e5 18.Nf3 Kh8 19.Bb6 Qd7 20.Rad1 Bd8 21.Qh4 Kg8 22.Bxd8 Qxd8
23.g4 h6 24.g5 hxg5 25.Nxg5 d5 26.Rf3 d4 27.Ne2 Qd6 28.Rg1 Kf8 29.Rfg3 Rc7
30.Nh7+ Nxh7 31.Rxg7 Nf6 32.Qh6 Rd8 33.Qh8+  1-0

[Event "TCh-BEL 2006-7"]
[Site "Belgium BEL"]
[Date "2006.11.19"]
[Round "4"]
[White "Becker,Mart"]
[Black "Van Mil,J"]
[Result "0-1"]
[WhiteElo "2315"]
[BlackElo "2372"]

1.e4 c5 2.Nf3 e6 3.d4 cxd4 4.Nxd4 Nc6 5.Nc3 Qc7 6.Be3 a6 7.Bd3 Nf6 8.O-O Ne5
9.h3 Bc5 10.Kh1 b5 11.f4 Nxd3 12.cxd3 Qa7 13.Nce2 Bb7 14.b4 Bb6 15.a4 bxa4
16.Rxa4 Qb8 17.Qa1 Qd8 18.Nc1 O-O 19.Ncb3 Nh5 20.Kh2 f5 21.e5 g5 22.Na5 Bxa5
23.Rxa5 gxf4 24.Bxf4 Nxf4 25.Rxf4 Qg5 26.Qf1 Kh8 27.g3 Rac8 28.Ra1 Rg8 29.Qf2 Rc3
30.Rd1 Qg7 31.Qe3 Ra3 32.Rf2 Qe7 33.Qd2 Bd5 34.Rdf1 Ra4 35.Nc2 Ra2  0-1

[Event "Bundesliga 2006-7"]
[Site "Wattenscheid GER"]
[Date "2006.11.19"]
[Round "4"]
[White "Stellwagen,D"]
[Black "Sokolov,Andrei3"]
[Result "1/2-1/2"]
[WhiteElo "2576"]
[BlackElo "2180"]

1.e4 c5 2.Nf3 e6 3.d4 cxd4 4.Nxd4 Nc6 5.Nc3 d6 6.Be3 Nf6 7.Bc4 Be7 8.Bb3 O-O
9.Qe2 Na5 10.O-O-O Nxb3+ 11.cxb3 Bd7 12.Kb1 Qa5 13.g4 d5 14.e5 Ne4 15.Nxe4 dxe4
16.Nf5 exf5 17.Rxd7 Qxe5 18.gxf5 Bf6 19.Rxb7 a6 20.Rc1 Rac8 21.Rb4 h5 22.a4 h4
23.Rxc8 Rxc8 24.Bd4 Qxf5 25.Ka2 Bxd4 26.Rxd4 Re8 27.Qxa6 Qxf2 28.Rxe4 Rxe4
29.Qa8+ Kh7 30.Qxe4+ f5 31.Qe5 f4 32.a5 f3 33.a6 Qe2 34.Qh5+ Kg8 35.Qa5 f2
36.a7 f1=Q 37.a8=Q+ Kh7 38.Qa4 Qff2 39.Q8e4+ Qxe4 40.Qxe4+ Kh6 41.h3 g5 42.b4 Qa7+
43.Kb3  1/2-1/2

[Event "1st GMA Cup"]
[Site "Manila PHI"]
[Date "2006.11.20"]
[Round "5"]
[White "Belov,Vl"]
[Black "Garma,C"]
[Result "1-0"]
[WhiteElo "2589"]
[BlackElo "2415"]

1.e4 e6 2.d4 c5 3.Nf3 cxd4 4.Nxd4 Nc6 5.Nc3 Qc7 6.Be3 Nf6 7.Ndb5 Qb8 8.f4 d6
9.a4 Be7 10.Bd3 Bd7 11.O-O Nb4 12.Kh1 O-O 13.a5 e5 14.Bc4 Qc8 15.Bb3 Bxb5
16.Nxb5 Qc6 17.Nc3 b5 18.Qf3 a6 19.Rad1 Rac8 20.fxe5 dxe5 21.g4 Qe8 22.g5 Nd7
23.Qh5 Nc5 24.Bxc5 Bxc5 25.Rf3 Kh8 26.Bxf7 g6 27.Qh3 Qe7 28.Rf6 Rc7 29.Rdf1 Qd7
30.Be6 Qd8 31.Nd5 Nxd5 32.exd5 Rxf6 33.gxf6 Bf8 34.c3 b4 35.Qe3 bxc3 36.bxc3 Qd6
37.Rb1 Rc5 38.Rb6 Qc7 39.d6 Bxd6 40.Qh6 Rb5 41.Qg7+ Qxg7 42.fxg7+ Kxg7 43.Rxd6 Rxa5  1-0

[Event "1st GMA Cup"]
[Site "Manila PHI"]
[Date "2006.11.20"]
[Round "6"]
[White "Senador,E"]
[Black "Gonzales,Jay"]
[Result "0-1"]
[WhiteElo "2383"]
[BlackElo "2418"]

1.e4 c5 2.Nf3 e6 3.d4 cxd4 4.Nxd4 Nc6 5.Nc3 Qc7 6.Be2 a6 7.O-O b6 8.Be3 Bb7
9.Nb3 Nf6 10.f4 d6 11.Bf3 Be7 12.Qe1 Rb8 13.Na4 b5 14.Nb6 Nd8 15.Nd2 Bc6
16.Qf2 O-O 17.Rfc1 d5 18.e5 Ne8 19.a4 f6 20.exf6 Bxf6 21.c3 Nd6 22.a5 N8b7
23.Nb3 Nc4 24.Nxc4 bxc4 25.Nd4 Bd7 26.b4 cxb3 27.Nxb3 Nd6 28.Nc5 Bc8 29.Bg4 Qf7
30.Bd4 Nb5 31.Qe3 Bxd4 32.cxd4 Qxf4 33.Bxe6+ Bxe6 34.Qxf4 Rxf4 35.Nxe6 Rf6
36.Re1 Re8 37.Nc5 Rxe1+ 38.Rxe1 Nxd4 39.h3 Rc6 40.Nd3 Nb3 41.Re8+ Kf7 42.Rb8 Rc3
43.Rb7+ Kf6 44.Nb4 Ke5 45.Nxa6 g5 46.Nb4 Nxa5 47.Rb5 Nc6 48.Rxd5+ Ke6 49.Rb5 Ne5
50.Rb6+ Kf5 51.Nd5 Rc1+ 52.Kh2 h5 53.Rb4 Re1 54.Ra4 h4 55.Ra5 g4 56.Ne7+ Ke6
57.hxg4 Kxe7 58.Ra6 Re3 59.Ra4 Kf6 60.Rf4+ Kg5 61.Rf5+ Kxg4 62.Rf8 Nd7 63.Rg8+ Kh5
64.Ra8 Nf6 65.Ra4 Kg5 66.Ra5+ Kg4 67.Ra4+ Re4 68.Ra6 Rf4 69.Re6 Nh5 70.Re8 Rf7
71.Rg8+ Rg7 72.Ra8 Nf4 73.Ra6 Re7 74.Ra1 Re2  0-1

[Event "ch-Commonwealth"]
[Site "Mumbai IND"]
[Date "2006.11.20"]
[Round "1"]
[White "Soumya,Sw"]
[Black "Ganguly,S"]
[Result "0-1"]
[WhiteElo "2154"]
[BlackElo "2573"]

1.e4 c5 2.Nf3 e6 3.d4 cxd4 4.Nxd4 Nc6 5.Nc3 Qc7 6.Nb3 Nf6 7.Be2 Bb4 8.O-O O-O
9.a3 Bxc3 10.bxc3 Nxe4 11.Bb2 f5 12.c4 b6 13.Nd4 Nxd4 14.Qxd4 Rf7 15.Bh5 Re7
16.a4 Bb7 17.Ba3 Nc5 18.Qh4 a6 19.Rad1 e5 20.Qh3 Rf8 21.Bf3 e4 22.Bh5 Re6
23.Bc1 f4 24.Qh4 Rh6 25.Bxf4 Rxh5 26.Qxh5 Rxf4 27.Rd2 Bc6 28.Rfd1 Rf6  0-1

[Event "SK Liburnija GM"]
[Site "Rijeka CRO"]
[Date "2006.11.21"]
[Round "8"]
[White "Hera,I"]
[Black "Jovanic,O"]
[Result "0-1"]
[WhiteElo "2510"]
[BlackElo "2458"]

1.e4 c5 2.Nf3 e6 3.d4 cxd4 4.Nxd4 Nc6 5.Nc3 Qc7 6.g3 d6 7.Bg2 Bd7 8.O-O a6
9.Re1 Be7 10.Nxc6 Bxc6 11.Qg4 h5 12.Qe2 h4 13.a4 hxg3 14.hxg3 Kf8 15.Be3 Nf6
16.a5 Rc8 17.Bb6 Qd7 18.Rad1 Qe8 19.Bd4 e5 20.Be3 g6 21.Bg5 Kg7 22.Qf3 Qd8
23.b4 Rh5 24.Bxf6+ Bxf6 25.Bf1 Qd7 26.Rd3 Be7 27.Red1 Qe6 28.Nd5 Bxd5 29.Rxd5 Rxc2
30.b5 Qc8 31.bxa6 bxa6 32.Qb3 Rc3 33.Qb4 Rh8 34.Rb1 Bg5 35.Rb3 Rc1 36.Qxd6 Qh3
37.Qxe5+ Bf6  0-1

[Event "19th Belgrade Trophy"]
[Site "Belgrade SRB"]
[Date "2006.11.22"]
[Round "1"]
[White "Zivkovic,S"]
[Black "Rajkovic,Du"]
[Result "0-1"]
[WhiteElo "2307"]
[BlackElo "2506"]

1.e4 c5 2.Nf3 e6 3.d4 cxd4 4.Nxd4 Nc6 5.Nc3 Qc7 6.g3 a6 7.Bg2 Nf6 8.O-O h6
9.a4 Nxd4 10.Qxd4 Bc5 11.Bf4 d6 12.Qd2 e5 13.Be3 Be6 14.Rfd1 Ke7 15.a5 Bxe3
16.Qxe3 Rac8 17.h3 Qc5 18.Qd2 Rhd8 19.Kh2 h5 20.f4 h4 21.gxh4 exf4 22.Qxf4 Qe5
23.Qxe5 dxe5 24.Rxd8 Rxd8 25.Rd1 Rc8 26.Bf3 g6 27.Kg3 Rc5 28.Ra1 Bd7 29.Be2 Rc8
30.Bg4 Rc4 31.Bxd7 Kxd7 32.Rd1+ Ke6 33.Kf3 Ne8 34.Ra1 Nd6 35.Ke3 Rc8 36.h5 gxh5
37.Kd3 Rg8 38.Ne2 Rg2 39.Re1 Rh2 40.Ng1 Rf2 41.Re2 Rf1 42.Rg2 Rd1+ 43.Ke2 Rd4
44.Rg5 Rxe4+ 45.Kd2 h4 46.b3 Rf4 47.Rh5 Rf2+  0-1

[Event "Capablanca mem Open"]
[Site "Havana CUB"]
[Date "2006.11.23"]
[Round "3"]
[White "Escobar Forero,A"]
[Black "Quezada,Y"]
[Result "1/2-1/2"]
[WhiteElo "2457"]
[BlackElo "2515"]

1.e4 c5 2.Nf3 e6 3.d4 cxd4 4.Nxd4 Nc6 5.Nc3 a6 6.Be2 Qc7 7.O-O Nf6 8.Nxc6 bxc6
9.f4 d5 10.Bd3 Be7 11.b3 c5 12.Kh1 Bb7 13.e5 Nd7 14.Bd2 g6 15.a4 Qc6 16.Qe2 O-O
17.Rf3 Rae8 18.Rg3 f5 19.Nd1 Rc8 20.Ne3 c4 21.bxc4 d4 22.Nd1 Nc5 23.a5 Ne4
24.Rh3 Ba8 25.Be1 Rfd8 26.Qf1 Kh8 27.Be2 g5 28.Rb3 Rb8 29.Rab1 Rxb3 30.Rxb3 g4
31.Rb6 Qc8 32.c5 Nxc5 33.Bb4 Qd7 34.Bc4 Bd5 35.Bxd5 Qxd5 36.Nf2 Rc8 37.Qb1 Qc4
38.Kg1 Qe2 39.Qd1 Qe3 40.Bd2 Qa3 41.Bb4 Qe3 42.Bd2 Qa3 43.Bb4 Qa2 44.Qxd4 Qb1+
45.Qd1 Qa2 46.g3 Qc4 47.c3 Rd8 48.Qf1 Qa2 49.Rc6 Qd5 50.Qg2 Qc4 51.Rc7 Bf8
52.Qc6 Qe2 53.Bxc5 Bxc5 54.Qxc5 Rd1+ 55.Nxd1 Qxd1+ 56.Kf2 Qd2+ 57.Kg1 Qd1+  1/2-1/2

[Event "ch-ESP Abierto"]
[Site "Leon ESP"]
[Date "2006.11.23"]
[Round "2"]
[White "Pena Gomez,M"]
[Black "Rodriguez Perez,JosJ"]
[Result "1/2-1/2"]
[WhiteElo "2319"]
[BlackElo "2133"]

1.e4 c5 2.Nf3 Nc6 3.Nc3 e6 4.d4 cxd4 5.Nxd4 a6 6.Be2 Qc7 7.Be3 b5 8.O-O Bb7
9.Nxc6 Bxc6 10.a3 Nf6 11.Bf3 d6 12.g3 Be7 13.Bg2 O-O 14.f4 Qb7 15.Qd3 Rfd8
16.Rad1 a5 17.b4 axb4 18.axb4 Ng4 19.Bc1 Bf6 20.Bf3 Bxc3 21.Qxc3 Nf6 22.e5 Bxf3
23.Qxf3 Qxf3 24.Rxf3 dxe5 25.Rxd8+ Rxd8 26.fxe5 Ng4 27.Bf4 f6 28.exf6 Nxf6
29.c3 Rd5 30.Re3 Kf7 31.Re2 Rd3 32.Be5 Nd5 33.Ra2 Kg6 34.Ra7 Kf5 35.Bxg7 Nxc3
36.Bxc3 Rxc3 37.Rxh7 Rb3 38.Rh5+ Ke4 39.Kg2 Rb2+ 40.Kf1 Kf3 41.Ke1 Rxb4 42.Kd2 Re4
43.Kd3 Re3+ 44.Kd4 b4 45.Kc4 Re4+ 46.Kb3 e5 47.Rg5 Re2 48.Kxb4 e4 49.Kc3 Rxh2
50.Rf5+ Ke3 51.g4 Rh8 52.g5 Rc8+ 53.Kb3 Kd4 54.Rf7 e3 55.Rd7+ Ke4 56.Re7+ Kf3
57.Rf7+ Kg2 58.Re7 Kf2 59.Rf7+ Ke1 60.g6 e2  1/2-1/2

[Event "66th ch-ITA"]
[Site "Cremona ITA"]
[Date "2006.11.24"]
[Round "3"]
[White "Brunello,S"]
[Black "Piscopo,P"]
[Result "1-0"]
[WhiteElo "2460"]
[BlackElo "2380"]

1.e4 c5 2.Nf3 Nc6 3.Nc3 e6 4.d4 cxd4 5.Nxd4 Nf6 6.Nxc6 bxc6 7.e5 Nd5 8.Ne4 Qc7
9.f4 Qb6 10.c4 Bb4+ 11.Ke2 Ba6 12.Kf3 f5 13.exf6 Nxf6 14.Be3 Qa5 15.Nxf6+ gxf6
16.Kf2 h5 17.Qd3 Ke7 18.Rd1 d5 19.a3 Bd6 20.b4 Qc7 21.Qc3 Bxf4 22.cxd5 Bxf1
23.Bc5+ Bd6 24.dxc6 Rad8 25.Rxd6 Rxd6 26.Qg3 Kf7 27.Bxd6 Qxd6  1-0

[Event "ch-Commonwealth"]
[Site "Mumbai IND"]
[Date "2006.11.24"]
[Round "5"]
[White "Das,Ar"]
[Black "Ganguly,S"]
[Result "1-0"]
[WhiteElo "2373"]
[BlackElo "2573"]

1.e4 c5 2.Nf3 Nc6 3.d4 cxd4 4.Nxd4 e6 5.Nc3 Qc7 6.Be3 a6 7.Qd2 Nf6 8.O-O-O Bb4
9.f3 Ne7 10.Nde2 b5 11.Kb1 Ba5 12.Qd4 Nc6 13.Qc5 h6 14.Bf4 e5 15.Be3 Bb7
16.a3 Rd8 17.Rd6 Qb8 18.Ng3 O-O 19.Nf5 Ne8 20.Rxc6 dxc6 21.Ne7+ Kh7 22.b4 Bc7
23.Nxc6 Bxc6 24.Qxf8 Nd6 25.Qe7 Rd7 26.Qh4 a5 27.Nd5 axb4 28.axb4 Qa8 29.Kb2 Bd8
30.Qf2 Bxd5 31.exd5 Bf6 32.c3 Qxd5 33.Qc2+ g6 34.Be2 Qe6 35.Bc5 Nb7 36.Be3 Nd6
37.Bc5 Nb7 38.Be3 Qc6 39.Rc1 Kg7 40.Bd3 Qc8 41.Qe2  1-0

[Event "29th ch-GRE w"]
[Site "Athens GRE"]
[Date "2006.11.25"]
[Round "1"]
[White "Stiri,A"]
[Black "Botsari,A"]
[Result "0-1"]
[WhiteElo "2252"]
[BlackElo "2351"]

1.e4 c5 2.Nf3 e6 3.d4 cxd4 4.Nxd4 Nc6 5.Nc3 a6 6.Be3 Nf6 7.Qd2 Qc7 8.O-O-O Bb4
9.f3 Ne5 10.Kb1 Bxc3 11.bxc3 d5 12.Bf4 O-O 13.Nb3 dxe4 14.Qd4 Nfd7 15.Qxe4 Qxc3
16.Re1 Ng6 17.Bd6 Nf6 18.Qe2 Rd8 19.Ba3 Nd5 20.Rd1 b5 21.Bb2 Qc7 22.g3 Bb7
23.Rd3 b4 24.Bg2 a5 25.Rhd1 Ba6 26.f4 Bxd3 27.Rxd3 a4 28.Nd4 Qb6 29.Kc1 Nc3  0-1

[Event "19th Belgrade Trophy"]
[Site "Belgrade SRB"]
[Date "2006.11.25"]
[Round "4"]
[White "Brenjo,S"]
[Black "Krstic,P"]
[Result "1/2-1/2"]
[WhiteElo "2492"]
[BlackElo "2205"]

1.e4 c5 2.Nf3 e6 3.d4 cxd4 4.Nxd4 Nc6 5.Nc3 Qc7 6.Be2 a6 7.O-O Nf6 8.Be3 Bb4
9.Na4 Be7 10.c4 Nxe4 11.c5 O-O 12.Rc1 Rb8 13.g3 Nf6 14.Bf3 g6 15.Nb6 e5 16.Nb3 d6
17.cxd6 Bxd6 18.Nc4 Be7 19.Bb6 Qd7 20.Qe2 e4 21.Bg2 Bd8 22.Nc5 Qg4 23.Qxg4 Bxg4
24.Nxe4 Nxe4 25.Bxe4 Be2 26.Rfe1 Bxc4 27.Bxd8 Bxa2 28.Bf6 Rbc8 29.h4 Rfe8
30.Bxc6 Rxe1+ 31.Rxe1 bxc6 32.Re7 Kf8 33.Rd7 Bc4 34.f3 Re8 35.g4 h5 36.Kf2 Be6
37.Rd4 Bd5 38.Rb4 Re6  1/2-1/2

[Event "66th ch-ITA"]
[Site "Cremona ITA"]
[Date "2006.11.25"]
[Round "4"]
[White "Caruana,F"]
[Black "Piscopo,P"]
[Result "1/2-1/2"]
[WhiteElo "2474"]
[BlackElo "2380"]

1.e4 c5 2.Nf3 e6 3.d4 cxd4 4.Nxd4 Nc6 5.Nc3 Nf6 6.a3 Qc7 7.Be3 a6 8.Be2 Nxd4
9.Bxd4 Bd6 10.Qd3 b5 11.Rd1 Be5 12.Bxe5 Qxe5 13.Qd4 Qxd4 14.Rxd4 Ke7 15.O-O Bb7
16.a4 bxa4 17.Rxa4 Rhc8 18.Rfa1 Rab8 19.Bd3 Bc6 20.R4a2 a5 21.f3 a4 22.Nxa4 Bxa4
23.Rxa4 Rxb2 24.Kf2 Rc7 25.Ra7 Rbb7 26.Rxb7 Rxb7 27.Ra8 d6 28.Ra5 Nd7 29.Bb5  1/2-1/2

[Event "Capablanca mem Open"]
[Site "Havana CUB"]
[Date "2006.11.25"]
[Round "5"]
[White "Gonzalez,Y"]
[Black "Quezada,Y"]
[Result "1/2-1/2"]
[WhiteElo "2502"]
[BlackElo "2515"]

1.e4 c5 2.Nf3 e6 3.d4 cxd4 4.Nxd4 Nc6 5.Nc3 a6 6.Be3 Nf6 7.a3 Qc7 8.f4 d6
9.Nb3 Be7 10.Bd3 b5 11.Qf3 Bb7 12.O-O b4 13.axb4 Nxb4 14.Na5 Nxd3 15.cxd3 O-O
16.f5 Rab8 17.fxe6 fxe6 18.Nxb7 Qxb7 19.Qh3 Qc8 20.Rfc1 e5 21.Qxc8 Rfxc8
22.Rxa6 Bf8 23.Ra2 Rb3 24.Bg5 Nd7 25.Rd1 h6 26.Be3 Nf6 27.Kf1 d5 28.exd5 Bb4
29.Bd2 Bxc3 30.bxc3 Nxd5 31.Ra5 Nxc3 32.Bxc3 Rcxc3  1/2-1/2

[Event "37th National Chess Congress"]
[Site "Philadelphia USA"]
[Date "2006.11.25"]
[Round "3"]
[White "Robson,R"]
[Black "Zenyuk,I"]
[Result "1-0"]
[WhiteElo "2217"]
[BlackElo "2192"]

1.e4 c5 2.Nf3 e6 3.d4 cxd4 4.Nxd4 Nc6 5.Nc3 Qc7 6.Be2 a6 7.O-O b5 8.Nxc6 dxc6
9.f4 Nf6 10.e5 Nd5 11.Ne4 Bb7 12.c4 bxc4 13.Bxc4 Rd8 14.Qe2 Be7 15.Kh1 Ra8
16.b3 c5 17.Bb2 Nb6 18.Bd3 c4 19.bxc4 Na4 20.f5 Nxb2 21.Qxb2 Rb8 22.Nd6+ Bxd6
23.exd6 Qxd6 24.Qxg7 Qf8 25.Qe5  1-0